| 000 | 00410pam a2200157a 44500 | ||
|---|---|---|---|
| 008 | 230515b1999 xxu||||| |||| 00| 0 eng d | ||
| 020 | _aNULL | ||
| 041 | _aENGL | ||
| 082 | _a331.8 MAL. | ||
| 100 | _a"MALHOTRA M. K.," | ||
| 245 | _aSAFETY : VISION VOICE & SOUND | ||
| 250 | _a0 | ||
| 260 |
_aNAGPUR _bCENTRAL BOARD FOR WORKERS _c1999 |
||
| 300 | _aNULL | ||
| 650 | _a"LABOUR ECONOMICS,INDUSTRIAL ECONOMICS" | ||
| 999 |
_c539453 _d539453 |
||